• 首页
  • 本馆介绍
  • 公告通知
  • 最新文献
  • 馆藏检索
  • 电子资源
  • 读者导购
  • 参考咨询
  • 我的图书馆
  • 登录
  • 详细信息显示
  • 放入我的书架
  • 预约/预借图书
  • 作者相关作品
  • 分类相关作品
  • 丛书相关作品
  • 出版社相关作品

书目信息

  • 表格格式
  • 工作单格式
  • 卡片格式
题名:
拉丁美洲各族人民
    
 
作者: Токарев , 叶菲莫夫 , Ефимов , 托卡列夫 主编 ;李毅夫 译
分册: 下  
出版信息: 北京   三联书店  1978
页数: 461-864页
开本: 20cm
丛书名:
单 册:
中图分类: K730.8
科图分类:
主题词: 民族志--拉丁美洲
电子资源:
ISBN:
000 01005nam0 2200301 45
001 0178002471
005 20061115081638.79
010    @dCNY3.65(二册)
091    @aCN@b11002.490
100    @a19950725d1978 em y0chiy0121 ea
101 1  @achi@crus
102    @aCN@b110000
105    @ay z 000yy
200 10 @a拉丁美洲各族人民@Ala ding mei zhou ge zu ren min@h下@f(苏)叶菲莫夫(А.В.Ефимов),(苏)托卡列夫(С.А.Токарев)主编@g李毅夫等译
210    @a北京@c三联书店@d1978
215    @a461-864页@d20cm
300    @a书名原文:Народы америки,томⅡ
300    @a内部发行
510 1  @aНароды америки,томⅡ@zrus
606    @a民族志@y拉丁美洲
690    @aK730.8@v3
701 A1 @aТокарев@bС.А.@4主编
701  1 @a叶菲莫夫@Aye fei mo fu@bА.В.@4主编
701 A1 @aЕфимов@bА.В.@4主编
701  1 @a托卡列夫@Atuo ka lie fu@bС.А.@4主编
702  0 @a李毅夫@Ali yi fu@4译
801  0 @aCN@bTSSF@c20061115
905    @a10447@dK730.8@e6:2
    
    拉丁美洲各族人民.下/(苏)叶菲莫夫(А.В.Ефимов),(苏)托卡列夫(С.А.Токарев)主编/李毅夫等译.-北京:三联书店,1978
    461-864页;20cm
    书名原文:Народы америки,томⅡ.-内部发行
    
    ISBN :CNY3.65(二册)
    
●
相关链接 在E读中查询图书 在五车中查询图书 在当当中查询图书 在豆瓣中查询图书


正题名:拉丁美洲各族人民     索取号:K730.8/6:2         预约/预借

序号 登录号 条形码 馆藏地/架位号 状态 备注
1 0019578   001414062   第二样本阅览室/ [索取号:K730.8/6:2] 在馆    
唐山师范学院图书馆 欢迎您!
大连网信软件有限公司© 版权所有